Visualizzazione normale
Vista MARC
- Farinella Alessia
di Personal Name
Records bibliografici associati: 1
001 - CONTROL NUMBER
- control field: 56534
003 - CONTROL NUMBER IDENTIFIER
- control field: IT-RoPau
005 - DATE AND TIME OF LATEST TRANSACTION
- control field: 20170630115713.0
008 - FIXED-LENGTH DATA ELEMENTS
- fixed length control field: 170630|| aca||aabn | a|a d
040 ## - CATALOGING SOURCE
- Original cataloging agency: IT-RoPau
- Transcribing agency: IT-RoPau
100 ## - HEADING--PERSONAL NAME
- Personal name: Farinella Alessia
670 ## - SOURCE DATA FOUND
- Source citation: Work cat.: (IT-RoPau): Farinella Alessia, Siblings, 2015